000 02773nam a2200205 a 4500
001 000048479
005 20201002061202.0
008 190322s2008 dr 000 0 spa d
040 _aDO-SdBNP
_bspa
_cBNPHU
041 1 7 _aepa
_beng
082 _axx
_bxx
245 0 0 _aCompendio legislativo en materia de propiedad industrial de la República Dominicana =
_bIndustrial property in Dominican Republic legislative summary / (Registro nro. 113884).
260 _aSanto Domingo :
_bONAPI,
_c2008.
300 _a184,180 p. ;
_c24 cm.
505 0 _aDe las inverciones, los modelos de ulitildad y los diseños industriales -- Invenciones -- Protección de las invenciones y derecho a la patente de invención -- Procedimiento de concesión de la patente -- Derechos, obligaciones y limitaciones relativos a la patente -- Licencias obligatorias y otras medidas relativas a la explotación de las patentes -- Modelos de utilidad -- Diseños industriales -- Protección de los diseños industriales -- Alcance de los derechos -- Procedimiento de registro --Normas relativas al diseño industrial registrado -- De los signos distintivos-- Definiciones -- Marcas --Derechos sobre la marca --Procedimiento de registro de la marca-- Duración y renovación del registro -- Derechos, obligaciones y limitaciones relativos al registro -- Transferencia y licencia de uso de la marca --Terminación del registro de la marca -- Marcas colectivas -- Marcas de certificación -- Nombres comerciales, rótulos y emblemas -- Nombres comerciales -- Rótulos --Emblemas -- Lemas comerciales -- Indicaciones geográficas -- Indicaciones geográficas en general --Denominaciones de origen -- Normas comunes -- Disposiciones generales -- De la Oficina Nacional de la Propiedad Industrial -- Composición, atribuciones y requisitos de los funcionarios de la Oficina Nacional de la Propiedad Industrial --Oficina Nacional de la Propiedad Industrial -- Del directorio -- Procedimientos 99|Registros y publicidad --Clasificaciones -- De las violaciones de los derechos de propidead industrial -- De las infracciones procedimiento, sanciones y prescripción de los derechos de propiedad industrial -- De la competencia desleal vinculada a la propiedad industrial - De los actos de competencia desleal --De las acciones por competencia desleal -- Disposiciones transistorias y finales (Ley no. 20-00 sobre propiedad industrial de fecha 8 de mayo de 2000)-- Disposiciones transitorias 99Disposiciones finales.
590 _aInventariado, 2019/VM
563 _aDos obras encuadernadas juntas con paginación invertida
710 2 _aOficina Nacional de la Propiedad Industrial (República Dominicana)
_975899
740 0 _aIndustrial property in Dominican Republic legislative summary / (Registro nro. 113884)
999 _c47967
_d47967